Predicting and measuring impacts of transportation systems / (Record no. 543384)

000 -LEADER
fixed length control field 00630pam a2200157 i 4500
020 ## - INTERNATIONAL STANDARD BOOK NUMBER
International Standard Book Number 0309026601
082 00 - DEWEY DECIMAL CLASSIFICATION NUMBER
Classification number 388.4
Author Mark NAT
-- D
110 2# - MAIN ENTRY--CORPORATE NAME
Corporate name or jurisdiction name as entry element National Research Council (U.S.).
9 (RLIN) 20017
245 10 - TITLE STATEMENT
Title Predicting and measuring impacts of transportation systems /
Statement of responsibility, etc. Transportation Research Board, Commission on Sociotechnical Systems, National Research Council.
260 ## - PUBLICATION, DISTRIBUTION, ETC.
Place of publication, distribution, etc. Washington :
Name of publisher, distributor, etc. National Academy of Sciences,
Date of publication, distribution, etc. 1977.
300 ## - PHYSICAL DESCRIPTION
Extent iii, 40 p. ;
Dimensions 28 cm.
526 ## - STUDY PROGRAM INFORMATION NOTE
Program name 0
Interest level 0
Reading level 0
Title point value 388_400000000000000_NAT
650 #0 - SUBJECT ADDED ENTRY--TOPICAL TERM
Topical term or geographic name entry element Local transit
General subdivision Economic aspects
Geographic subdivision United States
General subdivision Congresses.
9 (RLIN) 38747
650 #0 - SUBJECT ADDED ENTRY--TOPICAL TERM
Topical term or geographic name entry element MCE
9 (RLIN) 379
942 ## - ADDED ENTRY ELEMENTS (KOHA)
Source of classification or shelving scheme
Koha item type Book
Holdings
Withdrawn status Lost status Source of classification or shelving scheme Damaged status Not for loan Permanent Location Current Location Date acquired Total Checkouts Full call number Barcode Date last seen Price effective from Koha item type
          Military College of Engineering (MCE) Military College of Engineering (MCE) 03/21/2014   388.4 NAT MCE-42174 03/21/2014 03/21/2014 Book
© 2023 Central Library, National University of Sciences and Technology. All Rights Reserved.